Calcul des combinaisons optiques

Kaydedildi:
Detaylı Bibliyografya
Yazar: Chrétien, Henri (Yazar)
Materyal Türü: Kitap
Dil:Fransızca
Baskı/Yayın Bilgisi: París s.n 1958
Konular:
Etiketler: Etiketle
Etiket eklenmemiş, İlk siz ekleyin!

MARC

LEADER 00000nam a2200000 a 4500
001 UCH1688
003 CL-VaPUC
008 090507e19580000fr |||||||||||||||||fre|d
082 0 4 |a 535  |b CHR  |2 21 
100 0 |a Chrétien, Henri  |e author  |9 536152 
245 1 0 |a Calcul des combinaisons optiques 
300 |a 862 p 
942 |c BK 
945 |d 20090507 00:00:00  |a dcastane 
260 |a París  |b s.n  |c 1958 
650 7 |a OPTICA-FISICA  |2 CL-VaPUC  |9 271669 
650 7 |a DIOPTICA  |2 CL-VaPUC  |9 536153 
650 7 |a PLANOS CONJUGADOS  |2 CL-VaPUC  |9 536154 
650 7 |a PLANOS FOCALES  |2 CL-VaPUC  |9 536155 
650 7 |a CROMATISMO  |2 CL-VaPUC  |9 536156 
583 |a last modification  |c 20180110 11:16:07  |k Rodrigo Vera 
999 |c 333603  |d 333601 
952 |0 0  |1 0  |4 0  |6 535_000000000000000_CHR_1958  |7 0  |8 A  |9 422135  |a BIBCUR  |b BIBCUR  |d 2019-11-22  |i 4536118  |o 535 CHR 1958  |p 4536118  |r 2025-04-22  |w 2019-11-22  |y BK  |k FIS